=LDR 00000nam 2200000 4500 =001 INLIS000000000006854 =005 20130612094937 =008 ***********************************Ind** =035 ##$$0010-061300000006854 =041 ##$$a Ind =082 ##$$a 312 =090 ##$$a 312, Sem d =100 ##$$a Sembiring, RK =245 ##$$a Demografi, Dr. R.K. Sembiring =260 ##$$a 1987 $b Jakarta =300 ##$$a 30 hlm., 21 cm =650 ##$$a Demografi =850 ##$$a NBPNMAT